000 00403nam a22001697a 4500
005 20160629125739.0
008 160629b xxu||||| |||| 00| 0 eng d
020 _a81-203-0976-6
041 _aeng
082 _b10840
100 _aFisching, Donald E and Other
_93186
245 _aSecurity Analysis and pporttolio Mgt.
260 _bPHI
300 _a684
650 _aManagement
_9241
942 _cBK
999 _c4681
_d4679